Bandiere Storiche - Statistics

Statistiche generali
  • Questo quiz è stato fatto 239 volte
  • Il punteggio medio è 4 su 12
Statistiche sulle risposte
con Immagini Risposta % Corretto
Unione Sovietica
97%
Sacro Romano Impero
68%
Terzo Reich
47%
Impero Ottomano
46%
Dinastia Qing
36%
Tredici Colonie
27%
Unione di Kalmar
18%
Abissinia
17%
Granducato di toscana
15%
Repubblica di Zaire
3%
Confederazione Polacco-Lituano
1%
Libia (1977-2011)
1%
Nessun quiz corrispondente trovato
Distribuzione punteggi
Percentuale di utenti per punteggio
Percentile per numero di risposta
I tuoi punteggi nel tempo
Non hai fatto questo quiz